000 00765nam a2200265Ia 4500
003 OSt
005 20221006161017.0
006 a|||||r|||| 00| 0
007 ta
008 221006b |||||||| |||| 00| 0 eng d
020 _a9781138851184
024 _a47,107
037 _cTextual
040 _aEASL
_cEASL
_beng
041 _2eng
_aeng
082 _aW.41Oa2.P1, Q6
100 _aKONIG Lion Ed.
_9459574
245 0 _aPolitics of the 'other' in India and China.
260 _aLondon
_bRoutledge
_c2016
300 _a257p.
_ccm.
490 _v CEL
_aRoutledge Contemporary Asia
700 _a CHAUDHURI BIDISHA Ed.
_9479824
942 _hW.41Oa2.P1, Q6
_cTEXL
_2CC
999 _c1115195
_d1115195